[Event "Mukachevo Christmas op U16"]
[Site "Mukachevo"]
[Date "2020.01.10"]
[Round "3"]
[White "Kondrat, Bogdan"]
[Black "Kucher, Kostyantyn"]
[Result "0-1"]
[WhiteElo "1564"]
[BlackElo "1928"]
[PlyCount "46"]
[EventDate "2020.01.09"]
[EventType "swiss"]
[EventRounds "9"]
[EventCountry "UKR"]
[SourceTitle "CBM 195 Extra"]
[Source "ChessBase"]
[SourceDate "2020.05.31"]
[SourceVersion "1"]
[SourceVersionDate "2020.05.31"]
[SourceQuality "1"]

1. e4 c5 2. Nf3 Nc6 3. Nc3 e5 4. Bc4 g6 5. d3 h6 6. Be3 d6 7. Nd2 Bg7 8. Ndb1 Nge7 9. Nd5 0-0 10. 0-0 Kh7 11. f4 exf4 12. Rxf4 Nxd5 13. Bxd5 Bxb2 14. Nd2 Bxa1 15. Qxa1 Be6 16. Qf6 Qxf6 17. Rxf6 Kg7 18. Rf1 g5 19. Nc4 Rad8 20. Bf2 Bxd5 21. exd5 Nd4 22. Bxd4+ cxd4 23. Nd2 Rc8 0-1